Elementary differential equations
This book builds the foundation for anyone who needs to learn differential equations and then progress to more advanced studies.
Đã lưu trong:
| Tác giả chính: | |
|---|---|
| Định dạng: | Sách |
| Ngôn ngữ: | Undetermined |
| Được phát hành: |
New York
McGraw-Hill
1947
|
| Những chủ đề: | |
| Các nhãn: |
Thêm thẻ
Không có thẻ, Là người đầu tiên thẻ bản ghi này!
|
| Thư viện lưu trữ: | Trung tâm Học liệu Trường Đại học Cần Thơ |
|---|
| LEADER | 00629nam a2200193Ia 4500 | ||
|---|---|---|---|
| 001 | CTU_1821 | ||
| 008 | 210402s9999 xx 000 0 und d | ||
| 082 | |a 515.35 | ||
| 082 | |b K29 | ||
| 100 | |a Kells, lyman M. | ||
| 245 | 0 | |a Elementary differential equations | |
| 245 | 0 | |c lyman M. Kells | |
| 260 | |a New York | ||
| 260 | |b McGraw-Hill | ||
| 260 | |c 1947 | ||
| 520 | |a This book builds the foundation for anyone who needs to learn differential equations and then progress to more advanced studies. | ||
| 650 | |a Differential equations | ||
| 904 | |i Minh, Qhieu sua | ||
| 980 | |a Trung tâm Học liệu Trường Đại học Cần Thơ | ||